00514nam a2200205Ia 4500008004000000020001800040041000800058082001500066100002100081245004200102250000500144260006200149300001100211650001400222650000700236650001800243650001300261650000600274700002800280210210b2008 xxu||||| |||| 00| 0 eng d a9780070187757 aeng a651.7 MURE aMURPHY (Herta A) aEffective business communication Ed 7 a aNew DelhibTata McGraw-Hill Publishing Company Ltd.c2008 axx,619 aEffective aEd acommunication abusiness a7 aHILDEBRANDT (Herbert W)